[Event "Arco op 44th"]
[Site "Arco"]
[Date "2022.10.16"]
[Round "9"]
[White "Gneo, Marco"]
[Black "Rigo, Marco"]
[Result "0-1"]
[WhiteElo "1619"]
[BlackElo "1804"]
[PlyCount "45"]
[EventDate "2022.10.08"]
[EventType "swiss"]
[EventRounds "9"]
[EventCountry "ITA"]
[SourceTitle "CBM 210 Extra"]
[Source "ChessBase"]
[SourceDate "2022.11.30"]
[SourceVersion "1"]
[SourceVersionDate "2022.11.30"]
[SourceQuality "1"]

1. Nf3 d5 2. c4 e6 3. b3 f5 4. Bb2 Nf6 5. g3 Bd6 6. Bg2 0-0 7. 0-0 Bd7 8. Nc3 c5 9. cxd5 exd5 10. d3 f4 11. e4 dxe4 12. dxe4 Bg4 13. Qc2 fxg3 14. fxg3 Qe7 15. e5 Bxe5 16. Nxe5 Qxe5 17. Nd5 Qd6 18. Nxf6+ gxf6 19. Rf4 Be6 20. Be4 Nd7 21. Bxh7+ Kf7 22. Rc1 Ke7 23. Bf5 0-1

[Event "Arco op 31st"]
[Site "Arco"]
[Date "2009.10.21"]
[Round "6"]
[White "Rigo, Marco"]
[Black "Roversi, Stefano"]
[Result "1/2-1/2"]
[WhiteElo "1908"]
[BlackElo "1824"]
[PlyCount "108"]
[EventDate "2009.10.17"]
[EventType "swiss"]
[EventRounds "9"]
[EventCountry "ITA"]
[SourceTitle "EXT 2010"]
[Source "ChessBase"]
[SourceDate "2010.11.25"]
[SourceVersion "1"]
[SourceVersionDate "2010.11.25"]
[SourceQuality "1"]

1. d4 Nf6 2. Bg5 e6 3. e3 Be7 4. Bd3 c5 5. c3 cxd4 6. exd4 Nd5 7. Bxe7 Qxe7 8. Qf3 Nc6 9. Ne2 0-0 10. Qh3 f5 11. 0-0 Rf6 12. Nd2 Rh6 13. Qg3 d6 14. f4 Bd7 15. Nf3 Ne3 16. Rf2 Ng4 17. Rff1 Ne3 18. Rf2 Rg6 19. Qh4 Rf8 20. Qxe7 Nxe7 21. c4 Bc6 22. Ng3 Ng4 23. Rff1 Rh6 24. h3 Ne3 25. Rfe1 Nxg2 26. Kxg2 Ng6 27. Kf2 Nxf4 28. Bf1 Nxh3+ 29. Bxh3 Rxh3 30. Rxe6 Bxf3 31. Kxf3 f4 32. Rg1 fxg3+ 33. Kg4 Rh6 34. Re7 Rg6+ 35. Kh3 Rf2 36. Rg2 Rh6+ 37. Kxg3 Rxg2+ 38. Kxg2 Rh4 39. c5 Rxd4 40. cxd6 Rxd6 41. Rxb7 Rb6 42. Rxa7 Rxb2+ 43. Kg3 h6 44. a4 Ra2 45. Kg4 Kh7 46. a5 Rg2+ 47. Kh5 Rh2+ 48. Kg4 Rg2+ 49. Kh5 Rg5+ 50. Kh4 Kg6 51. Ra6+ Kf5 52. Ra8 Rg4+ 53. Kh5 Rg5+ 54. Kh4 Rg4+ 1/2-1/2

[Event "Arco op 29th"]
[Site "Arco"]
[Date "2007.10.23"]
[Round "4"]
[White "Thonig, Manfred"]
[Black "Rigo, Marco"]
[Result "1/2-1/2"]
[WhiteElo "1739"]
[BlackElo "1882"]
[PlyCount "57"]
[EventDate "2007.10.20"]
[EventType "swiss"]
[EventRounds "9"]
[EventCountry "ITA"]
[SourceTitle "CBM 120 Extra"]
[Source "ChessBase"]
[SourceDate "2007.11.01"]
[SourceVersion "1"]
[SourceVersionDate "2007.11.01"]
[SourceQuality "1"]

1. d4 d5 2. f4 Bg4 3. Nd2 e6 4. Ngf3 c5 5. e3 cxd4 6. Bb5+ Nd7 7. exd4 Bd6 8. Nb3 Ngf6 9. 0-0 Qc7 10. Qd2 0-0 11. Bd3 Bxf3 12. Rxf3 Ne4 13. Bxe4 dxe4 14. Rh3 f5 15. Qf2 Nf6 16. Be3 Ng4 17. Qh4 g6 18. Nc5 Rae8 19. Nxe4 fxe4 20. Qxg4 Bxf4 21. c3 e5 22. d5 Qc4 23. Rd1 Bxe3+ 24. Rxe3 Rf4 25. Qd7 Ref8 26. Qe6+ R8f7 27. Qe8+ Rf8 28. Qe6+ R8f7 29. Qe8+ 1/2-1/2